| 000 | 00765 a2200205 4500 | ||
|---|---|---|---|
| 999 |
_c330522 _d330522 |
||
| 003 | NUST | ||
| 005 | 20170718162925.0 | ||
| 008 | 170718b xxu||||| |||| 00| 0 eng d | ||
| 020 | _a 8182741416 | ||
| 040 |
_aDLC _bDLC _c0 |
||
| 082 | _a620.503 THE | ||
| 245 |
_aThe Nanoscope Encyclopedia of Nanoscience and Nanotechnology _cEdited by Dr.Parag Diwan and Ashish Bharadwaj _bNanorobotics Vol-5 |
||
| 260 |
_aNew Delhi: _bPentagon Press, _c2005. |
||
| 300 |
_a230p. ; _c24 cm. |
||
| 500 | _aIncludes Index | ||
| 501 | _aH.B | ||
| 648 | _2Nanostructure--Encyclopedias. | ||
| 942 |
_cBK _k620.503 THE _2ddc _mIESE |
||